Fundamentals of mathematics : skills and applications /

Bibliographic Details
Main Author: Shaw, Bryce R.
Other Authors: Kane, Robert B., Merseth, Katherine Klippert
Format: Book
Language:English
Published: Boston : Houghton Mifflin, [1982]
Subjects:

MARC

Tag First Indicator Second Indicator Subfields
LEADER 00000cam a22000005a 4500
001 in00000534621
005 20151013170830.0
008 821116s1982 maua 00110 eng d
020 |a 0395302005 
035 |a (OCoLC)08960448 
035 |9 ACH1464AM 
040 |a BGU  |c BGU  |d TXA  |d UtOrBLW 
049 |a [Curr Col] TXAM  |c 1 [1199363], 2 [1199364] 
090 |a QA39.2  |b .S52 1982 
100 1 |a Shaw, Bryce R. 
245 1 0 |a Fundamentals of mathematics :  |b skills and applications /  |c Bryce R. Shaw, Robert B. Kane, Katherine K. Merseth. 
264 1 |a Boston :  |b Houghton Mifflin,  |c [1982] 
264 4 |c ©1982 
300 |a xi, 476, 20 pages :  |b illustrations (some color) ;  |c 24 cm. 
336 |a text  |b txt  |2 rdacontent 
337 |a unmediated  |b n  |2 rdamedia 
338 |a volume  |b nc  |2 rdacarrier 
500 |a Grades 9-10. 
650 0 |a Mathematics. 
700 1 |a Kane, Robert B. 
700 1 |a Merseth, Katherine Klippert. 
999 |a MARS 
999 f f |s 39e13dd7-ab80-344c-902f-1b25982fa4ea  |i 60f99b34-f81b-3fb0-91b4-24841b7b35e7  |t 0 
952 f f |p ric  |a Texas A&M University  |b Rellis Campus  |c Joint Library Facility  |d Remote Storage  |t 0  |e QA39.2 .S52 1982  |h Library of Congress classification  |i unmediated -- volume  |k Student ed.  |m A14808767043 
998 f f |a QA39.2 .S52 1982  |s Student ed.  |t 0  |l Remote Storage